[Event "Toulouse Lardenne op 2nd"]
[Site "Toulouse"]
[Date "2014.05.18"]
[Round "1"]
[White "Gipouloux, Laurent"]
[Black "Grand, Philippe"]
[Result "1-0"]
[WhiteElo "1690"]
[BlackElo "1915"]
[PlyCount "45"]
[EventDate "2014.05.17"]
[EventType "swiss"]
[EventRounds "6"]
[EventCountry "FRA"]
[SourceTitle "EXT 2015"]
[Source "ChessBase"]
[SourceDate "2014.11.20"]
[SourceVersion "1"]
[SourceVersionDate "2014.11.20"]
[SourceQuality "1"]

1. e4 e6 2. Qe2 c5 3. g3 Nc6 4. c3 g6 5. Nf3 Bg7 6. Bg2 e5 7. d3 Nge7 8. Nbd2 0-0 9. Nf1 d5 10. exd5 Nxd5 11. Ne3 Rb8 12. 0-0 h6 13. Nxd5 Qxd5 14. Nd2 Qd7 15. Ne4 b6 16. Bxh6 Ba6 17. Bxg7 Kxg7 18. Qf3 Rbc8 19. Qf6+ Kg8 20. Qg5 Qe6 21. Nf6+ Kg7 22. Nh5+ Kh8 23. Qh6+ 1-0

[Event "St Chely d'Aubrac op 6th"]
[Site "St Chely d'Aubrac"]
[Date "2006.07.15"]
[Round "1"]
[White "Meijers, Viesturs"]
[Black "Gipouloux, Laurent"]
[Result "1-0"]
[WhiteElo "2474"]
[BlackElo "1806"]
[PlyCount "61"]
[EventDate "2006.07.15"]
[EventType "swiss"]
[EventRounds "9"]
[EventCountry "FRA"]
[SourceTitle "CBM 113 Extra"]
[Source "ChessBase"]
[SourceDate "2006.09.14"]
[SourceVersion "1"]
[SourceVersionDate "2006.09.14"]
[SourceQuality "1"]

1. e4 e5 2. Nf3 Nc6 3. Bb5 a6 4. Bxc6 dxc6 5. 0-0 f6 6. d4 Bg4 7. c3 Bd6 8. Be3 Ne7 9. Nbd2 Ng6 10. h3 Be6 11. dxe5 Nxe5 12. Nd4 Qd7 13. Nxe6 Qxe6 14. f4 Nf7 15. Qb3 Qxb3 16. axb3 0-0-0 17. b4 Rd7 18. Kf2 Rhd8 19. Kf3 g5 20. g3 h6 21. Nb3 Nh8 22. Bd4 Rf8 23. Nc5 Bxc5 24. bxc5 Ng6 25. Rad1 Rfd8 26. Kg4 Re8 27. f5 Ne5+ 28. Bxe5 fxe5 29. Rxd7 Kxd7 30. f6 Ke6 31. f7 1-0